Statistics for Allentown by Billy Joel - Lyrics

Click here to take the quiz!

General Stats

  • This quiz has been taken 86 times
  • The average score is 29 of 35

Answer Stats

Answer% Correct
And they're closing all the factories {down}
100%
Well we're {living} here in Allentown
99%
And we're living {here} in Allentown
99%
Spent their weekends on the Jersey {Shore}
97%
Standing in {line}
96%
Well our {fathers} fought the Second World War
96%
And it's getting very hard to {stay}
93%
And we're living here in {Allentown}
92%
Asked them to {dance}
90%
And it's getting very {hard} to stay
90%
Filling out {forms}
90%
If we {worked} hard
90%
Out in Bethlehem they're killing {time}
90%
Danced with them {slow}
89%
Met our {mothers} in the USO
89%
So the graduations hang on the {wall}
89%
And it's hard to keep a {good} man down
86%
But they've taken all the {coal} from the ground
86%
To get at least as far as their old {man} got
85%
Chromium {steel}
85%
For the Pennsylvania we never {found}
83%
If we {behaved}
82%
But something happened on the way to that {place}
79%
But they never really {helped} us at all
79%
{Well} I'm living here in Allentown
79%
And the union people crawled {away}
78%
But I won't be getting up {today}
78%
No they never taught us what was {real}
76%
{And} we're waiting here in Allentown
76%
They threw an American {flag} in our face
75%
{Iron}, coal
75%
For the promises our {teachers} gave
68%
But the restlessness was {handed} down
67%
Well we're {waiting} here in Allentown
61%
Every {child} had a pretty good shot
58%

Score Distribution

Percentile by Number Answered

Percent of People with Each Score

Your Score History

You have not taken this quiz